书目信息 |
| 题名: |
蚂蚁金服
|
|
| 作者: | 由曦 著 | |
| 分册: | ||
| 出版信息: | 北京 中信出版社 2017 |
|
| 页数: | 10,307页 | |
| 开本: | 24cm | |
| 丛书名: | ||
| 单 册: | ||
| 中图分类: | F832.29 | |
| 科图分类: | ||
| 主题词: | 互联网络--应用--金融--研究--中国 | |
| 电子资源: | ||
| ISBN: | 978-7-5086-7323-3 | |
| 000 | 01427nam0 22002651 450 | |
| 001 | 0124223157 | |
| 005 | 20170623170603.0 | |
| 010 | @a978-7-5086-7323-3@b@dCNY59.00 | |
| 100 | @a20170524d2017 em y0chiy50 ea | |
| 101 | 0 | @achi |
| 102 | @aCN@b110000 | |
| 105 | @aa z 000yy | |
| 106 | @ar | |
| 200 | 1 | @a蚂蚁金服@9ma yi jin fu@e科技金融独角兽的崛起@f由曦著@g |
| 210 | @a北京@c中信出版社@d2017 | |
| 215 | @a10,307页@c彩照@d24cm | |
| 314 | @a由曦,男,作家,祖籍山东省烟台市,生于辽宁省大连市。研究生毕业于澳大利亚悉尼大学法学院,本科毕业于大连理工大学。曾供职于霍金路伟律师事务所驻北京代表处,以及《每日经济新闻》、《财经》杂志等多家国内著名财经媒体。2017年创办“央观智库”。 | |
| 330 | @a本书通过进行大量一线深入采访所收集整理的资料,以客观理性的视角,翔实地介绍了“蚂蚁金服”的前世今生、台前幕后、设计理念、企业价值、技术能力、战略目标、创新变革、示范效应、未来展望,涉及“蚂蚁金服”的支付宝、余额宝、招财宝、蚂蚁金融云、浙江网商银行、芝麻信用、农村蓝海、国际出海等,全面地刻画了其中的大事件和关键节点,生动地记叙了其在推进普惠金融创新上的付出与坚持,理性地评述了其对传统金融行业带来的触动和冲击,充分地展示了其对中国和世界互联网企业的带动效应和示范意义。 | |
| 517 | 1 | @a科技金融独角兽的崛起@9ke ji jin rong du jiao shou de jue qi |
| 606 | 0 | @a互联网络@x应用@x金融@x研究@y中国 |
| 690 | @aF832.29@v5 | |
| 701 | 0 | @a由曦@9you xi@4著 |
| 801 | 0 | @aCN@bMUSE@c20181206@g |
| 905 | @aBZT@dF832.29@e3 | |
| 906 | @dCNY59.00@n3@r1 | |
| 蚂蚁金服:科技金融独角兽的崛起/由曦著.-北京:中信出版社,2017 |
| 10,307页:彩照;24cm |
| ISBN 978-7-5086-7323-3:CNY59.00 |
| 本书通过进行大量一线深入采访所收集整理的资料,以客观理性的视角,翔实地介绍了“蚂蚁金服”的前世今生、台前幕后、设计理念、企业价值、技术能力、战略目标、创新变革、示范效应、未来展望,涉及“蚂蚁金服”的支付宝、余额宝、招财宝、蚂蚁金融云、浙江网商银行、芝麻信用、农村蓝海、国际出海等,全面地刻画了其中的大事件和关键节点,生动地记叙了其在推进普惠金融创新上的付出与坚持,理性地评述了其对传统金融行业带来的触动和冲击,充分地展示了其对中国和世界互联网企业的带动效应和示范意义。 |
| ● |
| 相关链接 |
|
|
|
正题名:蚂蚁金服
索取号:F832.29/3
 
预约/预借
| 序号 | 登录号 | 条形码 | 馆藏地/架位号 | 状态 | 备注 |
| 1 | 857589 | 2000857589 | 第二书库/ [索取号:F832.29/3] | 在馆 | |
| 2 | 857590 | 2000857590 | 第二书库/ [索取号:F832.29/3] | 在馆 | |
| 3 | 857591 | 2000857591 | 第二书库/ [索取号:F832.29/3] | 在馆 |